Vista normal Vista MARC
  • Covey, Stephen R.,

Entrada Personal Name

Número de registros utilizados en: 3

003 - CONTROL NUMBER IDENTIFIER

  • control field: OSt

005 - DATE AND TIME OF LATEST TRANSACTION

  • control field: 20200918134120.0

008 - FIXED-LENGTH DATA ELEMENTS

  • fixed length control field: 161208|| aca||aabn | a|a d

100 1# - HEADING--PERSONAL NAME

  • Personal name: Covey, Stephen R.,
  • Dates associated with a name: 1932-2012,
  • Relator term: autor

670 ## - SOURCE DATA FOUND

  • Source citation: Work cat.: (OSt): Covey, Stephen Richards, 1932-2012, La sabiduría y el legado / , 2014.